[Event "Madrid Villaverde op 14th"]
[Site "Madrid"]
[Date "2011.04.12"]
[Round "6"]
[White "Ojosnegros Martin, Angel"]
[Black "Cerrato Gonzalez, Alvaro"]
[Result "0-1"]
[WhiteElo "1403"]
[BlackElo "1659"]
[PlyCount "109"]
[EventDate "2011.04.04"]
[EventType "swiss"]
[EventRounds "8"]
[EventCountry "ESP"]
[SourceTitle "EXT 2012"]
[Source "ChessBase"]
[SourceDate "2011.11.24"]
[SourceVersion "1"]
[SourceVersionDate "2011.11.24"]
[SourceQuality "1"]

1. e4 e5 2. Nf3 Nc6 3. Bb5 a6 4. Bxc6 dxc6 5. 0-0 Bd6 6. d4 Bg4 7. dxe5 Bxf3 8. Qxf3 Bxe5 9. Nc3 Qe7 10. Rd1 Nf6 11. Bg5 0-0 12. Rd3 Rad8 13. Rad1 Rd6 14. Rxd6 cxd6 15. Rd3 b5 16. Qh5 Qe6 17. Bxf6 Qxf6 18. Rh3 h6 19. g4 Re8 20. Kg2 Re6 21. Rf3 Qg6 22. Qxg6 Rxg6 23. Kh3 Re6 24. Nd1 Bf6 25. Re3 Bg5 26. Re2 d5 27. f3 d4 28. Kg3 c5 29. f4 Bd8 30. Nf2 c4 31. b3 a5 32. Rd2 Bb6 33. bxc4 bxc4 34. e5 Ba7 35. Ne4 c3 36. Rd1 Rb6 37. Nd6 Rb2 38. Nf5 Rxc2 39. Nxd4 Bxd4 40. Rxd4 Rxa2 41. Rd8+ Kh7 42. Rc8 c2 43. Kf3 Rb2 44. Ke3 a4 45. Kd3 a3 46. Rxc2 a2 47. Rxb2 a1Q 48. Rc2 Qd1+ 49. Rd2 Qxg4 50. Ke3 Qh3+ 51. Ke4 h5 52. f5 Qg4+ 53. Kd5 Qxf5 54. Kd6 Qe6+ 55. Kc5 0-1

[Event "Madrid Villaverde op 14th"]
[Site "Madrid"]
[Date "2011.04.11"]
[Round "5"]
[White "Cerrato Gonzalez, Alvaro"]
[Black "Hernandez Mateo, Borja"]
[Result "0-1"]
[WhiteElo "1659"]
[BlackElo "1685"]
[PlyCount "124"]
[EventDate "2011.04.04"]
[EventType "swiss"]
[EventRounds "8"]
[EventCountry "ESP"]
[SourceTitle "EXT 2012"]
[Source "ChessBase"]
[SourceDate "2011.11.24"]
[SourceVersion "1"]
[SourceVersionDate "2011.11.24"]
[SourceQuality "1"]

1. Nf3 f5 2. d4 Nf6 3. c4 g6 4. Nc3 Bg7 5. g3 0-0 6. Bg2 c6 7. 0-0 d6 8. Qc2 Be6 9. b3 Kh8 10. Ng5 Bg8 11. e4 fxe4 12. Ngxe4 Nxe4 13. Qxe4 Nd7 14. Bb2 a5 15. f4 Nf6 16. Qd3 Be6 17. Qe2 Qd7 18. Na4 Ra6 19. Rae1 Bf5 20. Qxe7 Qxe7 21. Rxe7 b5 22. cxb5 cxb5 23. Nc3 Ng8 24. Rc7 Bxd4+ 25. Kh1 b4 26. Nd1 Bxb2 27. Nxb2 Nf6 28. Re1 d5 29. h3 Be4 30. Bxe4 Nxe4 31. Kg2 Kg8 32. Nd3 Rf7 33. Rc8+ Rf8 34. Rc7 Raa8 35. h4 Rac8 36. Rcc1 Rc3 37. Rxc3 bxc3 38. Re2 Rc8 39. Ne1 Nd2 40. Nc2 d4 41. Ne1 c2 42. Nd3 Nb1 43. Nc1 Rc3 44. Re8+ Kf7 45. Rd8 Re3 46. Rxd4 Re1 47. Nd3 c1Q 48. Nxc1 Rxc1 49. a4 Rc2+ 50. Kh3 Rb2 51. Rd7+ Kg8 52. Rd8+ Kg7 53. Rd7+ Kh6 54. Rd6 Rxb3 55. f5 Kg7 56. f6+ Kf7 57. Kg4 Nc3 58. Ra6 Rb4+ 59. Kg5 Ne4+ 60. Kh6 Nxg3 61. Rxa5 Rxh4+ 62. Kg5 Rh5+ 0-1